| 000 | 00818nam a2200217Ia 4500 | ||
|---|---|---|---|
| 003 | GCL | ||
| 008 | 140319s9999 xx 000 0 ara d | ||
| 020 | _a2319219977 | ||
| 040 |
_aGCL / _cGCL |
||
| 082 | 0 | 4 |
_a341.482 _bا ج |
| 100 | 1 | _aابوالعلا على ابوالعلا النمر | |
| 245 | 1 | 0 |
_aجنسية اولاد الام المصرية مشكلة تؤرق الفكر القانونى / _cابوالعلا على ابوالعلا النمر |
| 250 | _aالثانية | ||
| 260 |
_aالقاهرة : _bدار النهضة العربية ، _c1997 |
||
| 300 |
_a226 ص ؛ _c28 سم |
||
| 650 | 0 | 4 | _aالامومة |
| 650 | 0 | 4 | _aالجنسية المزدوجة |
| 650 | 0 | 4 | _aالاسرة - قوانين وتشريعات |
| 650 | 0 | 4 | _aالجنسية - قوانين وتشريعات |
| 942 |
_2ddc _cBK |
||
| 999 |
_c58005 _d58005 |
||